Geneticky modifikované organizmy a biologická bezpečnosť

Legislatíva Európskej unie v oblasti geneticky modifikovaných organizmov (GMO). Transgenné organizmy, genetické inžinierstvo a biotechnológia. Etické a sociologické aspekty GMO. Potraviny pripravené z GMO. Geneticky upravené potraviny. Geneticky modifikované rastliny a riziká ich pestovania. Výskum...

Descripción completa

Guardado en:
Detalles Bibliográficos
Autor principal: Eliáš, Pavol
Otros Autores: Boháč, Jaroslav, Reichrtová, Eva
Formato: Capítulo de libro
Lenguaje:eslovaco
checo
Materias:
Etiquetas: Agregar Etiqueta
Sin Etiquetas, Sea el primero en etiquetar este registro!

MARC

LEADER 00000naa a2200000 4500
001 r049075
005 20230928074713.8
041 0 |a slo 
041 0 |a cze 
044 |a SK 
245 1 0 |a Geneticky modifikované organizmy a biologická bezpečnosť 
520 |a Legislatíva Európskej unie v oblasti geneticky modifikovaných organizmov (GMO). Transgenné organizmy, genetické inžinierstvo a biotechnológia. Etické a sociologické aspekty GMO. Potraviny pripravené z GMO. Geneticky upravené potraviny. Geneticky modifikované rastliny a riziká ich pestovania. Výskum a perspektívy moderných biotechnológií v živočíšnej výrobe. Zákon o používaní genetických technológií a GMO. 
610 2 0 |a potraviny modifikované geneticky 
610 2 0 |a bezpečnosť 
610 2 0 |a smernice 
610 2 0 |a legislatíva 
610 2 0 |a inžinierstvo génové 
610 2 0 |a biotechnológia 
610 2 0 |a výživa 
610 2 0 |a zdravie 
610 2 0 |a výroba rastlinná 
610 2 0 |a výroba živočíšna 
610 2 0 |a Európska únia 
610 2 0 |a Slovensko 
610 2 0 |a GMO 
100 1 |a Eliáš, Pavol 
700 1 |a Boháč, Jaroslav 
700 1 |a Reichrtová, Eva